| 000 | 00729nam a2200205 i 4500 | ||
|---|---|---|---|
| 001 | 69435 | ||
| 003 | ES-MaACL | ||
| 005 | 20230906170522.0 | ||
| 007 | t| | ||
| 008 | 040706s1951 sp ||||1| spa d | ||
| 100 | 1 |
_aGarcía Camus, Ignacio. _954326 |
|
| 245 | 1 | 0 |
_aAntología / _cIgnacio García Camus ; selección y estudio de Ignacio Ranero Raizábal. |
| 260 |
_aSantander : _b[s.n., _c1951] ( _fImp. Libreria Moderna) |
||
| 300 |
_aLXXXVI, 92 p. ; _c17 cm. |
||
| 490 | 1 |
_aAntología de escritores y artistas montañeses ; _v18 |
|
| 700 | 1 |
_aRanero Raizábal, Ignacio. _995416 |
|
| 830 | 0 |
_aAntología de escritores y artistas montañeses ; _v18 _9182852 |
|
| 852 |
_aES-MaACL _jD-5637 _bR.30850 |
||
| 999 |
_c69435 _d69435 |
||